Представление документа в формате RUSMARC

ПолеНазваниеЗначение
  Тип записи a
  Библиографический уровень m
001 Контрольный номер RU/CBS_UL/BASE/596034578
005 Дата корректировки 20260303160639.4
010 Индекс ISBN __
a ISBN
b Уточнения в пер.
d Цена 1 р. 90 к.
9 Тираж 200 000 экз.
100 Данные общей обработки __
a Данные общей обработки 20150828d2015 ||| 0rusy0189 ca
101 Язык документа 0_
a Язык текста rus
102 Страна публикации __
a Страна публикации RU
105 Кодированные данные (монография) __
a Кодированные данные (монография) y###||||000|y
200 Заглавие и сведения об ответственности 1_
a Заглавие Сотворение Карамзина
b Общее обозначение материала Текст
f Первые сведения об ответственности Ю. М. Лотман
g Последующие сведения об ответственности предисл. Б. Ф. Егорова
210 Выходные данные 1_
a Место издания Москва
c Издательство Книга
d Дата издания 1987
215 Физическое описание __
a Объем 336 с.
c Иллюстрации/тип воспроизводства ил.
d Формат 22 см.
225 Серия 0_
a Серия Писатели о писателях
300 Общие примечания __
a Общие примечания Ограничения по возрасту - 16+
300 Общие примечания __
a Общие примечания Под инв. номером 24653: Цс-1, Цн-2, 1-1, 3-1, 4с-1, 5н-1, 9н-1, 12с-1, 12н-1, 15-1, 17-1, 18-1, 28-2, 34-1, 36-1
600 Персоналии _0
a Персоналии (Фамилия) Карамзин
b Персоналии (Имя, инициалы) Н. М.
606 Тематические рубрики 0_
a Основная рубрика Карамзин, Николай Михайлович (1766-1826)
610 Ключевые слова 0_
a Ключевые слова литературоведение
a Ключевые слова анализы произведений
a Ключевые слова творчество писателей
a Ключевые слова биографии писателей
a Ключевые слова краеведение
a Ключевые слова творчество
686 Индексы других классификаций __
a Классификационный индекс 83.3(2Рос=Рус)1
2 Код системы ББК
700 Автор _0
a Фамилия Лотман
b Имя (инициалы) Юрий Михайлович
g Полное личное имя Ю. М.
801 Источник записи _0
a Страна RU
b Организация МБУК ЦБС
c Дата составления 20150828
g Правила каталогизации RCR
801 Источник записи _1
a Страна RU
b Организация МБУК ЦБС г. Ульяновска
c Дата составления 20150828
g Правила каталогизации RCR
899 Данные о местонахождении __
i Авторский знак Л 80
j Расстановочный фильтр 83.3(2Рос=Рус)1
901 Тип документа __
t Тип документа m
910 Корректоры записи __
a Корректор записи Тургенева